尸子讀本
| 資料類型: | 圖書 | 書目號: | 39385 |
Leader xxxxxxxxxx 001 __ PCLIS00039385 005 __ 20080926111401.01 010 0_ |a957-|b平裝|dNT$190 020 __ |acw|b82005151 100 __ |a20080926d2008 0chib0109 e 101 0_ |achi 102 __ |acw 105 __ |aa z 000yy 200 1_ |a尸子讀本|e|f水渭松譯|g 205 __ |a初版 210 __ |a臺北市|c三民|d民86年 215 0_ |a面|c圖, 表|d公分 225 1_ |a|v 300 __ |a 681 __ |a121.32|b 700 __ |a水渭松|b|4譯 702 _1 |a|b|4 801 __ |acw|b本館|c20080926 |